Whale done! (Record no. 108201)

MARC details
000 -LEADER
fixed length control field 00735cam a22002175a 4500
001 - CONTROL NUMBER
control field L143527
008 - FIXED-LENGTH DATA ELEMENTS--GENERAL INFORMATION
fixed length control field 080515s2002 xxk f 000 0 eng d
020 ## - INTERNATIONAL STANDARD BOOK NUMBER
International Standard Book Number 1857883217
035 ## - SYSTEM CONTROL NUMBER
System control number (Sirsi) u143527
041 0# - LANGUAGE CODE
Language code of text/sound track or separate title eng
100 1# - MAIN ENTRY--PERSONAL NAME
Personal name Blanchard, Ken
245 00 - TITLE STATEMENT
Title Whale done!
Remainder of title the power of positive relationships
260 ## - PUBLICATION, DISTRIBUTION, ETC.
Place of publication, distribution, etc. London
Name of publisher, distributor, etc. Nicholas Brealey publishing
Date of publication, distribution, etc. 2002
300 ## - PHYSICAL DESCRIPTION
Extent 127p.
Dimensions 22cm.
520 ## - SUMMARY, ETC.
Summary, etc. Parable-style book provides management strategies for motivating staff by accentuating the positive and redirecting the negative. Applies techniques to both work and family relationships.
651 #4 - SUBJECT ADDED ENTRY--GEOGRAPHIC NAME
Geographic name International
700 1# - ADDED ENTRY--PERSONAL NAME
Personal name Lacinak, Thad
700 1# - ADDED ENTRY--PERSONAL NAME
Personal name Tompkins, Chuck
700 1# - ADDED ENTRY--PERSONAL NAME
Personal name Ballard, Jim
942 ## - ADDED ENTRY ELEMENTS (KOHA)
Suppress in OPAC 0
Holdings
Withdrawn status Lost status Source of classification or shelving scheme Damaged status Not for loan Home library Current library Shelving location Date acquired Total Checkouts Full call number Barcode Date last seen Date last checked out Copy number Price effective from Koha item type
    Dewey Decimal Classification     London London Staff library 15/05/2008 2 STAFF BLAN 30074773 06/08/2019 12/01/2012 1 06/08/2019 Book
    Dewey Decimal Classification     London London Staff library 18/06/2012   STAFF BLAN 30077479 06/08/2019   2 06/08/2019 Book